Mot en Ny Vuxenutbildningspolitik? : Regional Utveckling Som Policy Och Praktik.

Bibliographic Details
Main Author: Jakobsson, Erik.
Format: eBook
Language:Swedish
Published: Linköping : Linkopings Universitet, 2007.
Edition:1st ed.
Series:Linköping Studies in Education and Psychology Series
Subjects:
Online Access:Click to View
LEADER 01563nam a22003613i 4500
001 EBC30400892
003 MiAaPQ
005 20240729202204.0
006 m o d |
007 cr cnu||||||||
008 240729s2007 xx o ||||0 swe d
020 |a 9789185715138  |q (electronic bk.) 
035 |a (MiAaPQ)EBC30400892 
035 |a (Au-PeEL)EBL30400892 
035 |a (OCoLC)1372398829 
040 |a MiAaPQ  |b eng  |e rda  |e pn  |c MiAaPQ  |d MiAaPQ 
100 1 |a Jakobsson, Erik. 
245 1 0 |a Mot en Ny Vuxenutbildningspolitik? :  |b Regional Utveckling Som Policy Och Praktik. 
250 |a 1st ed. 
264 1 |a Linköping :  |b Linkopings Universitet,  |c 2007. 
264 4 |c {copy}2007. 
300 |a 1 online resource (248 pages) 
336 |a text  |b txt  |2 rdacontent 
337 |a computer  |b c  |2 rdamedia 
338 |a online resource  |b cr  |2 rdacarrier 
490 1 |a Linköping Studies in Education and Psychology Series ;  |v v.115 
588 |a Description based on publisher supplied metadata and other sources. 
590 |a Electronic reproduction. Ann Arbor, Michigan : ProQuest Ebook Central, 2024. Available via World Wide Web. Access may be limited to ProQuest Ebook Central affiliated libraries.  
655 4 |a Electronic books. 
776 0 8 |i Print version:  |a Jakobsson, Erik  |t Mot en Ny Vuxenutbildningspolitik?  |d Linköping : Linkopings Universitet,c2007 
797 2 |a ProQuest (Firm) 
830 0 |a Linköping Studies in Education and Psychology Series 
856 4 0 |u https://ebookcentral.proquest.com/lib/matrademy/detail.action?docID=30400892  |z Click to View